Hľadanie seba samého

Enregistré dans:
Détails bibliographiques
Format: Livre
Langue:slovaque
Publié: Bratislava Smena 1987
Édition:1. vyd.
Collection:Križovatky
Tags: Ajouter un tag
Pas de tags, Soyez le premier à ajouter un tag!

MARC

LEADER 00000nam a2200000 4500
001 c033132
005 20260105115305.7
041 0 |a slo 
044 |a SK 
245 1 0 |a Hľadanie seba samého  |c Jerzy Mellibruda ; [Z poĺ. prel.] Anna Varsiková 
250 |a 1. vyd. 
264 1 |a Bratislava  |b Smena  |c 1987 
300 |a 183 s. 
490 1 |a Križovatky 
830 0 |a Križovatky